TRADITIONAL INDIAN VIRTUE ETHICS FOR TODAY: AN EAST-WEST DIALOGUE (Record no. 8333)
[ view plain ]
| 000 -LEADER | |
|---|---|
| fixed length control field | 00376nam a2200133Ia 4500 |
| 008 - FIXED-LENGTH DATA ELEMENTS--GENERAL INFORMATION | |
| fixed length control field | 260604s9999 xx 000 0 und d |
| 020 ## - INTERNATIONAL STANDARD BOOK NUMBER | |
| International Standard Book Number | 9783031479717 |
| 082 ## - DEWEY DECIMAL CLASSIFICATION NUMBER | |
| Classification number | 170.9 CHA |
| 100 ## - MAIN ENTRY--PERSONAL NAME | |
| Personal name | CHAKRAVARTI [SITANSU S.] |
| 9 (RLIN) | 35512 |
| 245 #0 - TITLE STATEMENT | |
| Title | TRADITIONAL INDIAN VIRTUE ETHICS FOR TODAY: AN EAST-WEST DIALOGUE |
| 260 ## - PUBLICATION, DISTRIBUTION, ETC. | |
| Name of publisher, distributor, etc. | PALGRAVE MACMILLAN |
| 500 ## - GENERAL NOTE | |
| General note | Ethics, India |
| 942 ## - ADDED ENTRY ELEMENTS (KOHA) | |
| Koha item type | Book |
| Date last seen | Total Checkouts | Full call number | Barcode | Cost, replacement price | Price effective from | Koha item type | Lost status | Damaged status | Not for loan | Withdrawn status | Home library | Current library | Shelving location | Date acquired | Cost, normal purchase price | BOOK NO |
|---|---|---|---|---|---|---|---|---|---|---|---|---|---|---|---|---|
| 06/04/2026 | 170.9 CHA | 003951 | 12332.57 | 06/04/2026 | Book | Indian Institute of Management Visakhapatnam | Indian Institute of Management Visakhapatnam | 06/04/2026 | 12332.57 | CHA |